Software metrics : (Record no. 5953)

MARC details
000 -LEADER
fixed length control field 01681cam a2200325 i 4500
001 - CONTROL NUMBER
control field 18226269
003 - CONTROL NUMBER IDENTIFIER
control field OSt
005 - DATE AND TIME OF LATEST TRANSACTION
control field 20190905115753.0
008 - FIXED-LENGTH DATA ELEMENTS--GENERAL INFORMATION
fixed length control field 140715s2015 flua b 001 0 eng
010 ## - LIBRARY OF CONGRESS CONTROL NUMBER
LC control number 2014028018
020 ## - INTERNATIONAL STANDARD BOOK NUMBER
International Standard Book Number 9781439838228 (hardback)
040 ## - CATALOGING SOURCE
Original cataloging agency DLC
Language of cataloging eng
Transcribing agency DLC
Description conventions rda
Modifying agency DLC
042 ## - AUTHENTICATION CODE
Authentication code pcc
050 00 - LIBRARY OF CONGRESS CALL NUMBER
Classification number QA76.758
Item number .F46 2015
082 00 - DEWEY DECIMAL CLASSIFICATION NUMBER
Classification number 005.3
Edition number 23
Item number FEN 2015
100 1# - MAIN ENTRY--PERSONAL NAME
Personal name Fenton, Norman E.; Bieman, James.
Dates associated with a name 1956-
9 (RLIN) 12351
245 10 - TITLE STATEMENT
Title Software metrics :
Remainder of title a rigorous and practical approach
250 ## - EDITION STATEMENT
Edition statement 3rd.ed.
264 #1 - PRODUCTION, PUBLICATION, DISTRIBUTION, MANUFACTURE, AND COPYRIGHT NOTICE
Place of production, publication, distribution, manufacture Boca Raton :
Name of producer, publisher, distributor, manufacturer CRC Press, Taylor & Francie Group,
Date of production, publication, distribution, manufacture, or copyright notice 2014.
300 ## - PHYSICAL DESCRIPTION
Extent xxi, 595 pages :
Other physical details illustrations ;
Dimensions 25 cm
336 ## - CONTENT TYPE
Content type term text
Content type code txt
Source rdacontent
337 ## - MEDIA TYPE
Media type term unmediated
Media type code n
Source rdamedia
338 ## - CARRIER TYPE
Carrier type term volume
Carrier type code nc
Source rdacarrier
490 0# - SERIES STATEMENT
Series statement Chapman & Hall/CRC innovations in software engineering and software development
504 ## - BIBLIOGRAPHY, ETC. NOTE
Bibliography, etc Includes bibliographical references (pages 555-576) and index.
520 ## - SUMMARY, ETC.
Summary, etc. "This book provides an up-to-date and rigorous framework for controlling, managing, and predicting software development processes. Emphasizing real-world applications, the authors apply basic ideas in measurement theory to quantify software development resources, processes, and products. The text offers an accessible and comprehensive introduction to software metrics. It features extensive case studies in addition to worked examples and exercises. This new edition covers current research and practical applications of cost estimation methods in practice"--
Assigning source Provided by publisher.
650 #0 - SUBJECT ADDED ENTRY--TOPICAL TERM
Topical term or geographic name as entry element Computer software
9 (RLIN) 12353
906 ## - LOCAL DATA ELEMENT F, LDF (RLIN)
a 7
b cbc
c orignew
d 1
e ecip
f 20
g y-gencatlg
942 ## - ADDED ENTRY ELEMENTS (KOHA)
Source of classification or shelving scheme Dewey Decimal Classification
Koha item type Short Loan
Holdings
Withdrawn status Lost status Source of classification or shelving scheme Damaged status Not for loan Home library Current library Date acquired Source of acquisition Inventory number Total Checkouts Full call number Barcode Date last seen Date last checked out Koha item type
    Dewey Decimal Classification     MUST Main Library MUST Main Library 17/01/2018 Purchase 17/40348 1 005.1 FEN 2016 2018-0019 26/09/2022 19/09/2022 Short Loan
    Dewey Decimal Classification     Main Kihumuro Campus Main Kihumuro Campus 04/08/2022 Purchase 22/41836   005.3 FEN 2015 2022-0748 04/08/2022   Open Shelf
    Dewey Decimal Classification     Main Kihumuro Campus Main Kihumuro Campus 04/08/2022 Purchase 22/41835   005.3 FEN 2015 2022-0749 04/08/2022   Open Shelf
    Dewey Decimal Classification     Main Kihumuro Campus Main Kihumuro Campus 04/08/2022 Purchase 22/41834   005.3 FEN 2015 2022-0750 04/08/2022   Open Shelf